[Event "GER-chT Betriebe 18th"]
[Site "Altenberg Zinnwald"]
[Date "2018.11.09"]
[Round "3.3"]
[White "Raum, Norbert"]
[Black "Baranowsky, Peter"]
[Result "0-1"]
[WhiteElo "1842"]
[BlackElo "1867"]
[PlyCount "162"]
[EventDate "2018.11.08"]
[EventType "team-swiss"]
[EventRounds "7"]
[EventCountry "GER"]
[SourceTitle "EXT 2020"]
[Source "ChessBase"]
[SourceDate "2019.10.17"]
[SourceVersion "1"]
[SourceVersionDate "2019.10.17"]
[SourceQuality "1"]
[WhiteTeam "Hamburg Baubehoerde II"]
[BlackTeam "Berlin Tempelhof"]
[WhiteTeamCountry "GER"]
[BlackTeamCountry "GER"]

1. Nf3 g6 2. c4 Bg7 3. Nc3 Nf6 4. g3 0-0 5. Bg2 d6 6. 0-0 c6 7. d3 Nbd7 8. Bd2 Rb8 9. Qc1 a6 10. a4 e5 11. Bh6 Nc5 12. Bxg7 Kxg7 13. Qc2 a5 14. Nd2 Qb6 15. Ra3 Be6 16. Nb3 Na6 17. Na2 Rbc8 18. Qd2 Nb4 19. Nxa5 c5 20. Nxb7 d5 21. Nxc5 Rxc5 22. Qxb4 Qxb4 23. Nxb4 dxc4 24. Rc1 Rfc8 25. Rac3 cxd3 26. Nxd3 Rxc3 27. Rxc3 Rd8 28. h3 Rb8 29. Nc5 Rxb2 30. Nxe6+ fxe6 31. Ra3 Nd5 32. e3 Rb1+ 33. Kh2 Rb7 34. a5 Ra7 35. a6 Kf7 36. g4 g5 37. Kg3 Ke7 38. h4 h6 39. h5 Kd6 40. Kf3 Nc7 41. Bf1 Kd5 42. Ra5+ Kd6 43. Bd3 Nd5 44. Rb5 Kc7 45. Rc5+ Kd6 46. Rc8 Nf6 47. e4 Nd7 48. Rd8 Kc6 49. Rh8 Nc5 50. Bc4 Nxa6 51. Rxh6 Nc5 52. Bxe6 Ra3+ 53. Kg2 Nxe4 54. Bf5+ Kd5 55. Bxe4+ Kxe4 56. Rf6 Ra7 57. Rf5 Rg7 58. Rf6 Rh7 59. Rg6 Kf4 60. f3 Rf7 61. h6 Rh7 62. Kf2 e4 63. Rf6+ Ke5 64. Rf5+ Kd4 65. Rxg5 e3+ 66. Ke2 Rxh6 67. Rh5 Ra6 68. f4 Ra2+ 69. Ke1 Ke4 70. f5 Kd3 71. Kf1 Ra1+ 72. Kg2 e2 73. Rh3+ Ke4 74. Rh8 Kf4 75. Re8 e1Q 76. Rxe1 Rxe1 77. Kh3 Rh1+ 78. Kg2 Rh4 79. f6 Rxg4+ 80. Kf2 Rg6 81. f7 Rf6 0-1

[Event "GER-chT Betriebe 18th"]
[Site "Altenberg Zinnwald"]
[Date "2018.11.08"]
[Round "2.3"]
[White "Raum, Norbert"]
[Black "Mueller, Stefan"]
[Result "1/2-1/2"]
[WhiteElo "1842"]
[BlackElo "1786"]
[PlyCount "67"]
[EventDate "2018.11.08"]
[EventType "team-swiss"]
[EventRounds "7"]
[EventCountry "GER"]
[SourceTitle "EXT 2020"]
[Source "ChessBase"]
[SourceDate "2019.10.17"]
[SourceVersion "1"]
[SourceVersionDate "2019.10.17"]
[SourceQuality "1"]
[WhiteTeam "Hamburg Baubehoerde II"]
[BlackTeam "Berlin Tempelhof IV"]
[WhiteTeamCountry "GER"]
[BlackTeamCountry "GER"]

1. Nf3 Nf6 2. g3 g6 3. Bg2 Bg7 4. 0-0 0-0 5. d4 d5 6. c3 Nbd7 7. Nbd2 Re8 8. Re1 c6 9. a4 e5 10. dxe5 Nxe5 11. Nxe5 Rxe5 12. Nf3 Re8 13. Bg5 Bf5 14. Nd4 Qd7 15. Nxf5 Qxf5 16. Bxf6 Bxf6 17. Qd3 Qxd3 18. exd3 Kf8 19. Kf1 Rxe1+ 20. Kxe1 Re8+ 21. Kd2 Re7 22. Bh3 c5 23. Re1 Rxe1 24. Kxe1 Ke7 25. Kd2 Kd6 26. f4 h5 27. Bg2 b6 28. Bf3 Bg7 29. h3 f5 30. Bd1 Ke6 31. b3 a5 32. Bf3 h4 33. g4 fxg4 34. Bxg4+ 1/2-1/2

[Event "GER-chT Betriebe 17th"]
[Site "Berlin"]
[Date "2017.11.04"]
[Round "6.1"]
[White "Warnest, Stefan"]
[Black "Raum, Norbert"]
[Result "1/2-1/2"]
[WhiteElo "1531"]
[BlackElo "1833"]
[PlyCount "83"]
[EventDate "2017.11.02"]
[EventType "team-swiss"]
[EventRounds "7"]
[EventCountry "GER"]
[SourceTitle "EXT 2020"]
[Source "ChessBase"]
[SourceDate "2019.10.17"]
[SourceVersion "1"]
[SourceVersionDate "2019.10.17"]
[SourceQuality "1"]
[WhiteTeam "Berlin Tempelhof IV"]
[BlackTeam "Hamburg Baubehoerde II"]
[WhiteTeamCountry "GER"]
[BlackTeamCountry "GER"]

1. e4 e6 2. d4 d5 3. exd5 exd5 4. Nc3 Nf6 5. Bd3 Be7 6. Nf3 Bg4 7. h3 Bh5 8. Be2 0-0 9. 0-0 Nbd7 10. Ne5 Bxe2 11. Qxe2 h6 12. a3 c5 13. Nxd7 Qxd7 14. dxc5 Bxc5 15. Qb5 Qxb5 16. Nxb5 a6 17. Nc3 d4 18. Ne2 Rad8 19. Nf4 Rfe8 20. Nd3 Bb6 21. Re1 Ne4 22. Kf1 f5 23. f3 Ng3+ 24. Kf2 Rxe1 25. Kxe1 g5 26. f4 Re8+ 27. Kf2 Ne4+ 28. Kf3 Kg7 29. fxg5 hxg5 30. g3 Kf6 31. Nb4 Re5 32. Nd3 Rd5 33. a4 a5 34. Ra3 Bc7 35. g4 Nd6 36. Rb3 b6 37. c4 dxc3 38. Rxc3 fxg4+ 39. hxg4 Bd8 40. Nf2 Rc5 41. Rxc5 bxc5 42. Ne4+ 1/2-1/2

[Event "GER-chT Betriebe 17th"]
[Site "Berlin"]
[Date "2017.11.02"]
[Round "2.1"]
[White "Raum, Norbert"]
[Black "Lenhardt, Manfred"]
[Result "0-1"]
[WhiteElo "1833"]
[BlackElo "2086"]
[PlyCount "56"]
[EventDate "2017.11.02"]
[EventType "team-swiss"]
[EventRounds "7"]
[EventCountry "GER"]
[SourceTitle "EXT 2020"]
[Source "ChessBase"]
[SourceDate "2019.10.17"]
[SourceVersion "1"]
[SourceVersionDate "2019.10.17"]
[SourceQuality "1"]
[WhiteTeam "Hamburg Baubehoerde II"]
[BlackTeam "Berlin Vattenfall"]
[WhiteTeamCountry "GER"]
[BlackTeamCountry "GER"]

1. g3 d5 2. Nf3 Nf6 3. Bg2 c5 4. 0-0 Nc6 5. d4 e6 6. c4 Be7 7. dxc5 Bxc5 8. cxd5 exd5 9. Qc2 Bb6 10. Nc3 Be6 11. Bg5 h6 12. Bxf6 Qxf6 13. Rad1 Rd8 14. h3 0-0 15. e3 d4 16. exd4 Nxd4 17. Nxd4 Bxd4 18. Ne4 Qe5 19. Kh2 Rc8 20. Qa4 Bb6 21. f4 Qh5 22. Nd6 Rc5 23. Nxb7 Rc4 24. Qa3 Rc2 25. f5 Bxf5 26. h4 Rxg2+ 27. Kxg2 Qe2+ 28. Kh1 Be4+ 0-1

[Event "GER-chT Betriebe 15th"]
[Site "Munich"]
[Date "2015.10.22"]
[Round "2.4"]
[White "Raum, Norbert"]
[Black "Daurer, Walter"]
[Result "0-1"]
[WhiteElo "1816"]
[BlackElo "2007"]
[PlyCount "50"]
[EventDate "2015.10.22"]
[EventType "team-swiss"]
[EventRounds "7"]
[EventCountry "GER"]
[SourceTitle "EXT 2020"]
[Source "ChessBase"]
[SourceDate "2019.10.17"]
[SourceVersion "1"]
[SourceVersionDate "2019.10.17"]
[SourceQuality "1"]
[WhiteTeam "Hamburg Baubehoerde"]
[BlackTeam "Muenchen Bayerische Landesb"]
[WhiteTeamCountry "GER"]
[BlackTeamCountry "GER"]

1. Nf3 c5 2. g3 Nc6 3. Bg2 e5 4. d3 g6 5. 0-0 Bg7 6. e4 Nge7 7. Be3 d6 8. Qd2 0-0 9. c4 Bg4 10. h3 Bxf3 11. Bxf3 f5 12. Nc3 f4 13. gxf4 exf4 14. Bxf4 g5 15. Bg4 Rxf4 16. Be6+ Kh8 17. Ne2 Nd4 18. Nxd4 Bxd4 19. h4 Ng6 20. h5 Ne5 21. Kg2 Qf6 22. Bf5 Nf3 23. Qxf4 gxf4 24. Kxf3 Qh4 25. Bg4 Rg8 0-1

[Event "GER-chT Betriebe 14th"]
[Site "Dresden"]
[Date "2014.11.22"]
[Round "5.1"]
[White "Raum, Norbert"]
[Black "Zunk, Olaf"]
[Result "1-0"]
[WhiteElo "1816"]
[BlackElo "1402"]
[PlyCount "87"]
[EventDate "2014.11.20"]
[EventType "team-swiss"]
[EventRounds "7"]
[EventCountry "GER"]
[SourceTitle "EXT 2020"]
[Source "ChessBase"]
[SourceDate "2019.10.17"]
[SourceVersion "1"]
[SourceVersionDate "2019.10.17"]
[SourceQuality "1"]
[WhiteTeam "Hamburg Baubehoerde II"]
[BlackTeam "Muenchen ADAC II"]
[WhiteTeamCountry "GER"]
[BlackTeamCountry "GER"]

1. g3 e5 2. c4 d6 3. Bg2 Nf6 4. Nc3 c6 5. e4 Be6 6. d3 Be7 7. Nge2 0-0 8. 0-0 Nbd7 9. Qc2 Rc8 10. f4 exf4 11. Nxf4 Qb6+ 12. Qf2 Qxf2+ 13. Rxf2 Nb6 14. Nxe6 fxe6 15. Bh3 Kh8 16. Bxe6 Rcd8 17. Bg5 d5 18. Rf3 Bc5+ 19. Kg2 Rde8 20. cxd5 cxd5 21. Bxd5 Nbxd5 22. exd5 Bd4 23. Bxf6 Bxf6 24. Raf1 Kg8 25. R1f2 Rd8 26. Rf5 a6 27. Na4 Bd4 28. Rxf8+ Rxf8 29. Rxf8+ Kxf8 30. Kf3 Ke7 31. Nc3 Kd6 32. Ke4 Bg1 33. h3 Bh2 34. Ne2 g6 35. Kf3 Kxd5 36. Kg2 Bxg3 37. Kxg3 h6 38. Kg4 b5 39. b4 Ke5 40. h4 Kd5 41. Kf4 Ke6 42. Ke4 Kf6 43. d4 g5 44. h5 1-0

[Event "GER-chT Betriebe 14th"]
[Site "Dresden"]
[Date "2014.11.20"]
[Round "1.1"]
[White "Schildt, Rene"]
[Black "Raum, Norbert"]
[Result "1-0"]
[WhiteElo "2073"]
[BlackElo "1816"]
[PlyCount "79"]
[EventDate "2014.11.20"]
[EventType "team-swiss"]
[EventRounds "7"]
[EventCountry "GER"]
[SourceTitle "EXT 2020"]
[Source "ChessBase"]
[SourceDate "2019.10.17"]
[SourceVersion "1"]
[SourceVersionDate "2019.10.17"]
[SourceQuality "1"]
[WhiteTeam "Berlin Tempelhof"]
[BlackTeam "Hamburg Baubehoerde II"]
[WhiteTeamCountry "GER"]
[BlackTeamCountry "GER"]

1. e4 b6 2. d4 Bb7 3. Nc3 e6 4. Nf3 Bb4 5. Bd3 d5 6. e5 c5 7. 0-0 Bxc3 8. bxc3 c4 9. Be2 Ne7 10. Ng5 0-0 11. Nh3 Nbc6 12. Nf4 Ng6 13. Nh5 f6 14. f4 f5 15. Rf3 Rf7 16. Rg3 Nce7 17. Ba3 Rc8 18. Qe1 Kh8 19. Rh3 Ng8 20. Qg3 Nh6 21. Nf6 gxf6 22. Rxh6 Rg7 23. exf6 Qxf6 24. Bd6 Rcg8 25. Bf1 e5 26. fxe5 Qe6 27. Qg5 Bc8 28. Qf6 Nf4 29. g3 Qxf6 30. exf6 Rg6 31. Bxf4 Rf8 32. Rxg6 hxg6 33. Re1 Kg8 34. Bg5 Bd7 35. Re7 Ba4 36. Bg2 Bc6 37. Rc7 Ba8 38. Rxa7 Bc6 39. Rg7+ Kh8 40. Rxg6 1-0

[Event "Oberliga Nord N 1213"]
[Site "Germany"]
[Date "2013.03.17"]
[Round "8.8"]
[White "Laqua, Christian"]
[Black "Raum, Norbert"]
[Result "0-1"]
[WhiteElo "2139"]
[BlackElo "1809"]
[PlyCount "88"]
[EventDate "2012.10.14"]
[EventType "team-tourn"]
[EventRounds "9"]
[EventCountry "GER"]
[SourceTitle "EXT 2015"]
[Source "ChessBase"]
[SourceDate "2014.11.20"]
[SourceVersion "1"]
[SourceVersionDate "2014.11.20"]
[SourceQuality "1"]
[WhiteTeam "Hamburg Diogenes"]
[BlackTeam "Schwarzenbek"]
[WhiteTeamCountry "GER"]
[BlackTeamCountry "GER"]

1. c4 b6 2. Nc3 Bb7 3. e4 e6 4. Nge2 Bb4 5. g3 f5 6. Bg2 Nf6 7. d3 0-0 8. 0-0 fxe4 9. dxe4 a5 10. a3 Bc5 11. h3 Na6 12. Qc2 e5 13. Na4 d6 14. Qd3 Qe8 15. Nac3 Qg6 16. Nd5 Nxd5 17. cxd5 Rf7 18. b3 Raf8 19. Be3 Bxe3 20. Qxe3 Qf6 21. Rab1 Nb8 22. b4 axb4 23. axb4 Ba6 24. b5 Bc8 25. Rbc1 Qd8 26. Qc3 Bd7 27. Qc4 Qf6 28. Qd3 Qh6 29. Rxc7 Bxb5 30. Qc2 Rxc7 31. Qxc7 Bxe2 32. Rb1 b5 33. Ra1 Qf6 34. Qa7 h5 35. Qe3 Bc4 36. Ra7 b4 37. Rb7 Na6 38. f3 b3 39. Qc3 Be2 40. Rxb3 Nc5 41. Rb2 Bxf3 42. Rf2 Nxe4 43. Qxf3 Nxf2 44. Kxf2 Qg6 0-1

[Event "Hamburg St Pauli op-A"]
[Site "Hamburg"]
[Date "2011.07.12"]
[Round "5"]
[White "Raum, Norbert"]
[Black "Groeppel, Peter"]
[Result "1/2-1/2"]
[WhiteElo "1809"]
[BlackElo "2051"]
[PlyCount "21"]
[EventDate "2011.07.09"]
[EventType "swiss"]
[EventRounds "9"]
[EventCountry "GER"]
[SourceTitle "CBM 143 Extra"]
[Source "ChessBase"]
[SourceDate "2011.08.29"]
[SourceVersion "1"]
[SourceVersionDate "2011.08.29"]
[SourceQuality "1"]

1. d4 d5 2. Bg5 Nd7 3. e3 Ngf6 4. Bd3 h6 5. Bxf6 Nxf6 6. c3 a6 7. Nd2 c5 8. Qe2 Bg4 9. Ngf3 cxd4 10. exd4 e6 11. h3 1/2-1/2

[Event "Hamburg St Pauli op-A"]
[Site "Hamburg"]
[Date "2011.07.11"]
[Round "4"]
[White "Kemeny, Matthias"]
[Black "Raum, Norbert"]
[Result "1-0"]
[WhiteElo "2038"]
[BlackElo "1809"]
[PlyCount "73"]
[EventDate "2011.07.09"]
[EventType "swiss"]
[EventRounds "9"]
[EventCountry "GER"]
[SourceTitle "CBM 143 Extra"]
[Source "ChessBase"]
[SourceDate "2011.08.29"]
[SourceVersion "1"]
[SourceVersionDate "2011.08.29"]
[SourceQuality "1"]

1. e4 e6 2. d4 d5 3. e5 c5 4. c3 Nc6 5. Nf3 cxd4 6. cxd4 Bd7 7. a3 Qb6 8. b4 Rc8 9. Be3 Nh6 10. Bd3 Nf5 11. 0-0 Be7 12. Nbd2 0-0 13. Nb3 Qd8 14. Nc5 b6 15. Nxd7 Qxd7 16. Bb5 Qb7 17. Qe2 Nb8 18. Bd2 a6 19. Bd3 g6 20. g4 Ng7 21. Ne1 f6 22. Bh6 Qd7 23. Ng2 fxe5 24. dxe5 b5 25. h4 Qe8 26. Rac1 Qf7 27. f4 Nc6 28. Qe3 Bd8 29. f5 exf5 30. gxf5 Qb7 31. Qg3 Bb6+ 32. Kh1 Bd4 33. fxg6 hxg6 34. Qxg6 Rf2 35. Qh7+ Kf8 36. Rxf2+ Bxf2 37. Qh8+ 1-0

[Event "Hamburg St Pauli op-A"]
[Site "Hamburg"]
[Date "2011.07.11"]
[Round "3"]
[White "Raum, Norbert"]
[Black "Lindschau, Eggert"]
[Result "1/2-1/2"]
[WhiteElo "1809"]
[BlackElo "2026"]
[PlyCount "79"]
[EventDate "2011.07.09"]
[EventType "swiss"]
[EventRounds "9"]
[EventCountry "GER"]
[SourceTitle "CBM 143 Extra"]
[Source "ChessBase"]
[SourceDate "2011.08.29"]
[SourceVersion "1"]
[SourceVersionDate "2011.08.29"]
[SourceQuality "1"]

1. d4 e6 2. e4 d5 3. Nc3 Bb4 4. exd5 exd5 5. Bd3 Nf6 6. Qe2+ Qe7 7. Bd2 Nc6 8. Qxe7+ Bxe7 9. Nge2 Nb4 10. Bb5+ c6 11. Ba4 Bf5 12. 0-0-0 b5 13. Bb3 a5 14. a3 a4 15. Ba2 Nxc2 16. Bb1 Nxa3 17. Bxf5 Nc4 18. Na2 Nxd2 19. Kxd2 g6 20. Bd3 Kd7 21. Rc1 b4 22. Ra1 Rhb8 23. f3 Ne8 24. h4 Nd6 25. h5 Bg5+ 26. f4 Bf6 27. hxg6 hxg6 28. Rh7 Ke7 29. g4 Nc4+ 30. Bxc4 dxc4 31. g5 Bh8 32. f5 gxf5 33. g6 Kf6 34. gxf7 a3 35. bxa3 Rxa3 36. Nf4 c3+ 37. Kd3 c2+ 38. Kxc2 Rxa2+ 39. Rxa2 b3+ 40. Kb2 1/2-1/2

[Event "GER-chT Betriebe"]
[Site "Berlin"]
[Date "2006.10.08"]
[Round "7.4"]
[White "Schueler, Andre"]
[Black "Raum, Norbert"]
[Result "1-0"]
[WhiteElo "1802"]
[BlackElo "1846"]
[PlyCount "73"]
[EventDate "2006.10.05"]
[EventType "team-tourn"]
[EventRounds "7"]
[EventCountry "GER"]
[SourceTitle "EXT 2020"]
[Source "ChessBase"]
[SourceDate "2019.10.17"]
[SourceVersion "1"]
[SourceVersionDate "2019.10.17"]
[SourceQuality "1"]
[WhiteTeam "Gillette IV"]
[BlackTeam "Hamburg Baubehoerde II"]
[WhiteTeamCountry "GER"]
[BlackTeamCountry "GER"]

1. d4 e6 2. e4 d5 3. Nc3 Bb4 4. e5 c5 5. a3 cxd4 6. axb4 dxc3 7. Nf3 Ne7 8. Bd3 Bd7 9. 0-0 Ng6 10. Re1 Nc6 11. bxc3 Qc7 12. Qe2 b6 13. h4 a5 14. h5 Nge7 15. h6 g6 16. Bg5 0-0 17. b5 Nxe5 18. Bxe7 Nxd3 19. Qxd3 Bxb5 20. Qxb5 Qxe7 21. Qxb6 Qf6 22. Qc7 g5 23. Re5 Rac8 24. Qxa5 g4 25. Rg5+ Kh8 26. Rxg4 Rxc3 27. Rb1 Rxc2 28. Qa1 Qxa1 29. Rxa1 Rcc8 30. Rg7 Rg8 31. Rxg8+ Kxg8 32. Ng5 e5 33. Ra7 Rf8 34. Kf1 f5 35. Rg7+ Kh8 36. Nf7+ Rxf7 37. Rxf7 1-0

[Event "GER-chT Betriebe"]
[Site "Berlin"]
[Date "2006.10.05"]
[Round "2.4"]
[White "Raum, Norbert"]
[Black "Mueller, Gerd"]
[Result "1-0"]
[WhiteElo "1846"]
[BlackElo "1872"]
[PlyCount "69"]
[EventDate "2006.10.05"]
[EventType "team-tourn"]
[EventRounds "7"]
[EventCountry "GER"]
[SourceTitle "EXT 2007"]
[Source "ChessBase"]
[SourceDate "2006.11.23"]
[SourceVersion "1"]
[SourceVersionDate "2006.11.23"]
[SourceQuality "1"]
[WhiteTeam "Hamburg Baubehoerde II"]
[BlackTeam "Augsburg Osram"]
[WhiteTeamCountry "GER"]
[BlackTeamCountry "GER"]

1. e4 c5 2. d4 cxd4 3. Qxd4 Nc6 4. Qe3 Nf6 5. Bd2 d6 6. Nc3 e6 7. Bd3 Be7 8. Nge2 a6 9. a4 d5 10. exd5 exd5 11. Nd4 0-0 12. Nce2 Re8 13. 0-0-0 Bg4 14. f3 Bd6 15. Qg5 Re5 16. Qh4 Nxd4 17. Nxd4 Qb6 18. Bg5 Ne4 19. Bxe4 dxe4 20. Qxg4 h5 21. Qh4 e3 22. Rhe1 Bc5 23. Rxe3 Bxd4 24. Rxd4 Rxg5 25. Red3 f6 26. g4 Re8 27. gxh5 Qe6 28. h6 Rg1+ 29. Rd1 Qe3+ 30. Kb1 Rxd1+ 31. Rxd1 Qxf3 32. Qc4+ Kh7 33. Rd7 Re1+ 34. Ka2 Kxh6 35. Qh4+ 1-0